| 000 | 00631cab a22001935a 4500 | ||
|---|---|---|---|
| 001 | L143097 | ||
| 008 | 071205e20080404xxkap f s 000 0 eng d | ||
| 035 | _a(Sirsi) u143563 | ||
| 041 | 0 | _aeng | |
| 100 | 1 | _aWatson, Stuart | |
| 245 | 0 | 0 |
_aRegional report _bThames Gateway |
| 260 | _c2007 | ||
| 490 | 0 |
_aProperty Week _v73(14) 4 April 2008, 99-109(6) |
|
| 520 | _aReports on the market and deals from around the region, including the revised plan for the Royal Arsenal scheme with funding for Crossrail. | ||
| 590 | _aKA | ||
| 651 | 4 | _aLondon | |
| 690 | _aPROPERTY-COMMERCIAL PROPERTY-COMMERCIAL PROPERTY MARKET | ||
| 942 | _n0 | ||
| 999 |
_c80219 _d80219 |
||